| 000 | 00552nam a22001817a 4500 | ||
|---|---|---|---|
| 999 |
_c15387 _d15387 |
||
| 003 | AR-CdUCM | ||
| 008 | 190427b ||||| |||| 00| 0 spa d | ||
| 040 |
_aMUNICIPALIDAD PROVINCIAL DEL CUSCO _cBIBLIOTECA MUNICIPAL DEL CUSCO |
||
| 082 |
_aPI / 328 / _bN56 |
||
| 100 |
_aNieves, Angélica _934443 |
||
| 245 | _aBuenas noches / | ||
| 260 |
_aMocambique : _bUnicef, _c1997. |
||
| 300 |
_a8 páginas ; _c21 cm. |
||
| 440 |
_aEl retorno de la alegría _934444 |
||
| 650 |
_aAprendizaje infantil _933271 |
||
| 942 |
_2ddc _cLIBROS |
||
| 945 |
_arah _d27/04/2019 |
||